[Event "Ostravsky Konik op-A"]
[Site "Ostrava"]
[Date "2025.05.14"]
[Round "5"]
[White "Krishna, C Revanth Gopala"]
[Black "Mannion, Stephen R"]
[Result "1-0"]
[WhiteElo "2453"]
[BlackElo "2183"]
[PlyCount "67"]
[EventDate "2025.05.10"]
[EventType "swiss"]
[EventRounds "9"]
[EventCountry "CZE"]
[SourceTitle "CB21_2025"]
[SourceDate "2025.05.21"]
[SourceVersion "1"]
[SourceVersionDate "2025.05.21"]
[SourceQuality "1"]

1. Nf3 d5 2. e3 Nf6 3. c4 e6 4. b3 b6 5. g3 Bb7 6. Bg2 c5 7. Bb2 Be7 8. 0-0 0-0 9. Qe2 Nc6 10. Rd1 Qc7 11. Nc3 Rfd8 12. cxd5 exd5 13. d4 cxd4 14. Nxd4 Nxd4 15. Rxd4 Bc5 16. Rf4 Qe7 17. Na4 Ne8 18. Nxc5 Qxc5 19. Rd1 Rac8 20. Qh5 Rc7 21. Rh4 Qc2 22. Be5 Rc6 23. Be4 Qxa2 24. Qxh7+ Kf8 25. Rf4 Qxb3 26. Rd4 Re6 27. Bxg7+ Nxg7 28. Qh8+ Ke7 29. Qxg7 Rf8 30. Bf5 Rf6 31. Rfe4+ dxe4 32. Rd7+ Ke8 33. Qxf6 Qd1+ 34. Rxd1 1-0

[Event "Reykjavik op"]
[Site "Reykjavik"]
[Date "2025.04.13"]
[Round "7"]
[White "Mannion, Stephen R"]
[Black "Skettos, Nicolas"]
[Result "1/2-1/2"]
[WhiteElo "2180"]
[BlackElo "1983"]
[PlyCount "49"]
[EventDate "2025.04.09"]
[EventType "swiss"]
[EventRounds "9"]
[EventCountry "ISL"]
[SourceTitle "CB17_2025"]
[SourceDate "2025.04.23"]
[SourceVersion "1"]
[SourceVersionDate "2025.04.23"]
[SourceQuality "1"]

1. e4 e6 2. d4 d5 3. Nd2 c5 4. Ngf3 cxd4 5. Nxd4 Nf6 6. exd5 Nxd5 7. N2f3 Bb4+ 8. Bd2 0-0 9. Bxb4 Nxb4 10. c3 Nd5 11. Bc4 b6 12. 0-0 Bb7 13. Re1 Nc6 14. Nxc6 Bxc6 15. Ne5 Bb7 16. Qg4 Qe7 17. Rad1 Rad8 18. Bd3 g6 19. h4 Qf6 20. g3 Kg7 21. h5 Ne7 22. f4 Nf5 23. Kh2 Rd6 24. Qe2 Rfd8 25. Ng4 1/2-1/2

[Event "Cappelle op 41st"]
[Site "Cappelle la Grande"]
[Date "2025.02.15"]
[Round "1"]
[White "Mannion, Stephen R"]
[Black "Boyer, Mahel"]
[Result "0-1"]
[WhiteElo "2167"]
[BlackElo "2509"]
[PlyCount "148"]
[EventDate "2025.02.15"]
[EventType "swiss"]
[EventRounds "9"]
[EventCountry "FRA"]
[SourceTitle "CB09_2025"]
[SourceDate "2025.02.27"]
[SourceVersion "1"]
[SourceVersionDate "2025.02.27"]
[SourceQuality "1"]

1. e4 g6 2. d4 Bg7 3. Nc3 d6 4. f4 Nf6 5. Nf3 0-0 6. Bd3 Nc6 7. e5 dxe5 8. dxe5 Nd5 9. Bd2 Ndb4 10. Be4 f5 11. Bxc6 Nxc6 12. Be3 e6 13. Qe2 b6 14. 0-0 Qe7 15. Rfd1 Bb7 16. a3 h6 17. Rd2 Rfd8 18. Rad1 Rxd2 19. Rxd2 Rd8 20. Rxd8+ Nxd8 21. Kf2 Nf7 22. g3 g5 23. b4 Qe8 24. Nd4 gxf4 25. gxf4 Nd8 26. Ke1 Bf8 27. Qf2 Kh7 28. Qg3 Be7 29. Kd2 Qd7 30. Ke1 Nf7 31. Bf2 Nh8 32. Qd3 Ng6 33. Nde2 Qc6 34. Kd2 a5 35. bxa5 bxa5 36. Qb5 Bxa3 37. Qxa5 Qd7+ 38. Ke1 Be7 39. Qb5 Bc6 40. Qd3 Qc8 41. Qc4 Bd7 42. Bc5 Bh4+ 43. Kd2 Qa8 44. Be3 Bd8 45. Nd4 Qg2+ 46. Kc1 Nf8 47. Qe2 Qh1+ 48. Kd2 Be7 49. Qf2 Bb4 50. Qg1 Qd5 51. Kd3 Qa5 52. Nde2 Qa6+ 53. Kd2 Bb5 54. Bc5 Bxc3+ 55. Nxc3 Ng6 56. Qb1 c6 57. Be3 Qb7 58. Qb4 Nh4 59. Kc1 Nf3 60. Nxb5 cxb5 61. h3 Kg6 62. Qf8 Qd7 63. Kb2 Kh5 64. Qd6 Qc8 65. Qd3 Qc6 66. Bf2 Kg6 67. Qe3 Qe4 68. Qxe4 fxe4 69. Kc3 Kf5 70. Be3 Ne1 71. Bd2 Ng2 72. Kd4 Nxf4 73. Kc5 Ng2 74. Kd4 e3 0-1

[Event "Prague op 23rd"]
[Site "Prague"]
[Date "2025.01.16"]
[Round "8"]
[White "Mannion, Stephen R"]
[Black "Horak, Martin"]
[Result "1/2-1/2"]
[WhiteElo "2159"]
[BlackElo "2357"]
[PlyCount "45"]
[EventDate "2025.01.10"]
[EventType "swiss"]
[EventRounds "9"]
[EventCountry "CZE"]
[SourceTitle "CB04_2025"]
[SourceDate "2025.01.22"]
[SourceVersion "1"]
[SourceVersionDate "2025.01.22"]
[SourceQuality "1"]

1. e4 c5 2. Nf3 Nc6 3. d4 cxd4 4. Nxd4 g6 5. c4 Nf6 6. Nc3 Nxd4 7. Qxd4 d6 8. Be3 Bg7 9. f3 0-0 10. Qd2 Qa5 11. Rc1 Be6 12. b3 Rfc8 13. Bd3 a6 14. Nd5 Qxd2+ 15. Kxd2 Bxd5 16. cxd5 e6 17. dxe6 fxe6 18. Rxc8+ Rxc8 19. Rc1 Rxc1 20. Kxc1 Kf7 21. Kd2 Nd7 22. a4 Nc5 23. Bxc5 1/2-1/2

[Event "Prague op 23rd"]
[Site "Prague"]
[Date "2025.01.12"]
[Round "4"]
[White "Jiricek, Jakub"]
[Black "Mannion, Stephen R"]
[Result "0-1"]
[WhiteElo "1968"]
[BlackElo "2159"]
[PlyCount "64"]
[EventDate "2025.01.10"]
[EventType "swiss"]
[EventRounds "9"]
[EventCountry "CZE"]
[SourceTitle "CB04_2025"]
[SourceDate "2025.01.22"]
[SourceVersion "1"]
[SourceVersionDate "2025.01.22"]
[SourceQuality "1"]

1. c4 e5 2. Nc3 Nf6 3. Nf3 Nc6 4. g3 d5 5. cxd5 Nxd5 6. d3 Be7 7. Bg2 Be6 8. 0-0 0-0 9. a3 h6 10. Bd2 Re8 11. b4 a6 12. Na4 f5 13. Rc1 e4 14. Ne1 Nf6 15. Bc3 Bd5 16. Bb2 exd3 17. Nxd3 Bxg2 18. Kxg2 Qd5+ 19. Kg1 Ne4 20. Nf4 Qf7 21. f3 Rad8 22. Nd3 Nf6 23. Qc2 Nd5 24. Qb3 Bg5 25. f4 Bf6 26. Rxc6 bxc6 27. Ne5 Bxe5 28. Bxe5 Nb6 29. Qc2 Nxa4 30. Qxa4 Qc4 31. Kf2 Rd2 32. Re1 Re7 0-1

[Event "Sitges Sunway op-A 11th"]
[Site "Sitges"]
[Date "2024.12.18"]
[Round "6"]
[White "Safarov, Deniel"]
[Black "Mannion, Stephen R"]
[Result "1/2-1/2"]
[WhiteElo "2319"]
[BlackElo "2139"]
[PlyCount "114"]
[EventDate "2024.12.12"]
[EventType "swiss"]
[EventRounds "10"]
[EventCountry "ESP"]
[SourceTitle "CB52_2024"]
[SourceDate "2024.12.25"]
[SourceVersion "1"]
[SourceVersionDate "2024.12.25"]
[SourceQuality "1"]

1. e4 e5 2. Nf3 Nc6 3. Bb5 a6 4. Ba4 Nf6 5. 0-0 Be7 6. d3 b5 7. Bb3 d6 8. Bd2 0-0 9. h3 Bb7 10. Re1 Nb8 11. a4 c5 12. Nc3 b4 13. Ne2 Nc6 14. Ng3 Bc8 15. c3 Rb8 16. Be3 Na5 17. Bc2 bxc3 18. bxc3 Qc7 19. Nh2 d5 20. Bg5 dxe4 21. dxe4 h6 22. Bxf6 Bxf6 23. Ng4 Bg5 24. Nf5 Rd8 25. Qf3 Rb2 26. Re2 Nc4 27. Qg3 Bxf5 28. exf5 Bf4 29. Qh4 f6 30. g3 Nd2 31. Be4 Bg5 32. Qh5 Qb6 33. Rd1 Nf3+ 34. Bxf3 Rxd1+ 35. Kg2 Rd8 36. h4 Bc1 37. Rxb2 Bxb2 38. c4 Kf8 39. Qg6 Bd4 40. Qh7 a5 41. Kh3 Qb3 42. Nxf6 gxf6 43. Qxh6+ Ke8 44. Bc6+ Ke7 45. Qg7+ Kd6 46. Qxf6+ Kc7 47. Bb5 Qf3 48. Qe7+ Kc8 49. Ba6+ Kb8 50. Qxd8+ Ka7 51. Qc8 Bxf2 52. Qb7+ Qxb7 53. Bxb7 Kxb7 54. f6 Be3 55. Kg4 Kc7 56. Kf5 Kd6 57. Kg6 e4 1/2-1/2

[Event "Sant Boi de Llobregat op 5th"]
[Site "Sant Boi de Llobregat"]
[Date "2024.12.07"]
[Round "9"]
[White "Mannion, Stephen R"]
[Black "Sole Pijuan, Ferran"]
[Result "1-0"]
[WhiteElo "2138"]
[BlackElo "2181"]
[PlyCount "75"]
[EventDate "2024.11.29"]
[EventType "swiss"]
[EventRounds "10"]
[EventCountry "ESP"]
[SourceTitle "CB50_2024"]
[SourceDate "2024.11.01"]
[SourceVersion "1"]
[SourceVersionDate "2024.11.01"]
[SourceQuality "2"]

1. e4 e5 2. Nf3 Nc6 3. Bc4 Bc5 4. c3 Nf6 5. d4 exd4 6. e5 d5 7. Be2 Ne4 8. cxd4 Bb6 9. Nc3 0-0 10. 0-0 Nxc3 11. bxc3 f6 12. exf6 Qxf6 13. a4 Ba5 14. Qb3 h6 15. Qxd5+ Be6 16. Qc5 Rad8 17. Be3 Kh8 18. Rab1 Bf5 19. Rb5 Bb6 20. Qa3 a6 21. Rb2 Bg4 22. Re1 Rde8 23. Qa1 Ba5 24. Qc1 Qg6 25. Nh4 Qh5 26. Bxg4 Qxg4 27. g3 Rf6 28. d5 Ne7 29. Bd4 Rd6 30. Rbe2 c5 31. dxc6 Rxd4 32. cxd4 Bxe1 33. Qxe1 bxc6 34. Rxe7 Rxe7 35. Qxe7 Qxd4 36. Qe8+ Kh7 37. Qg6+ Kh8 38. Qxc6 1-0

[Event "Sant Boi de Llobregat op 5th"]
[Site "Sant Boi de Llobregat"]
[Date "2024.12.03"]
[Round "5"]
[White "Valiyev, Shahin"]
[Black "Mannion, Stephen R"]
[Result "1-0"]
[WhiteElo "2260"]
[BlackElo "2138"]
[PlyCount "99"]
[EventDate "2024.11.29"]
[EventType "swiss"]
[EventRounds "10"]
[EventCountry "ESP"]
[SourceTitle "CB50_2024"]
[SourceDate "2024.11.01"]
[SourceVersion "1"]
[SourceVersionDate "2024.11.01"]
[SourceQuality "2"]

1. e4 e5 2. Nf3 Nc6 3. Bb5 a6 4. Ba4 Nf6 5. 0-0 Be7 6. Re1 b5 7. Bb3 d6 8. c3 0-0 9. h3 Na5 10. Bc2 c5 11. d4 Nd7 12. d5 Nb6 13. Nbd2 c4 14. Nf1 Nb7 15. Be3 Bd7 16. Ng3 g6 17. Bh6 Re8 18. Qd2 a5 19. Nh2 Bf8 20. Rf1 Nc5 21. Rae1 b4 22. Be3 Qc7 23. Bb1 b3 24. a3 Nba4 25. f4 exf4 26. Rxf4 Bg7 27. Ref1 Rf8 28. Bd4 Qd8 29. Rf6 Qe7 30. R1f2 Bc8 31. Qf4 Ra6 32. Ng4 Bxg4 33. Qxg4 Nd3 34. Bxd3 cxd3 35. R6f3 Bxd4 36. cxd4 Qc7 37. Rxd3 Nxb2 38. Rxb3 Qc1+ 39. Kh2 Nc4 40. Rb7 Qe3 41. Rf4 Rb6 42. Nf5 Qxf4+ 43. Qxf4 Rxb7 44. Nxd6 Nxd6 45. Qxd6 Rb2 46. Qc5 f5 47. e5 f4 48. d6 f3 49. d7 Rd8 50. Qe7 1-0

[Event "EU-ch Seniors 50"]
[Site "Lignano Sabbiadoro"]
[Date "2024.11.01"]
[Round "8"]
[White "Llopis de Aysa, Manuel"]
[Black "Mannion, Stephen R"]
[Result "1/2-1/2"]
[WhiteElo "1987"]
[BlackElo "2142"]
[PlyCount "32"]
[EventDate "2024.10.25"]
[EventType "swiss"]
[EventRounds "9"]
[EventCountry "ITA"]
[SourceTitle "CB45_2024"]
[Source "ChessBase"]
[SourceDate "2024.11.06"]
[SourceVersion "1"]
[SourceVersionDate "2024.11.06"]
[SourceQuality "1"]

1. d4 d5 2. c4 dxc4 3. e3 Nf6 4. Bxc4 e6 5. Nf3 c5 6. 0-0 a6 7. a4 cxd4 8. exd4 Nc6 9. Nc3 Be7 10. d5 exd5 11. Nxd5 Nxd5 12. Bxd5 0-0 13. Qb3 Na5 14. Qa2 Nc6 15. Qb3 Na5 16. Qa2 Nc6 1/2-1/2

[Event "Fagernes Autumn op"]
[Site "Fagernes"]
[Date "2024.10.06"]
[Round "1"]
[White "Sherman, Reem"]
[Black "Mannion, Stephen R"]
[Result "1/2-1/2"]
[WhiteElo "2390"]
[BlackElo "2142"]
[PlyCount "87"]
[EventDate "2024.10.06"]
[EventType "swiss"]
[EventRounds "9"]
[EventCountry "NOR"]
[SourceTitle "CB42_2024"]
[Source "ChessBase"]
[SourceDate "2024.10.16"]
[SourceVersion "1"]
[SourceVersionDate "2024.10.16"]
[SourceQuality "1"]

1. Nf3 d5 2. e3 Nf6 3. c4 e6 4. b3 c5 5. Bb2 Nc6 6. cxd5 exd5 7. Bb5 Bd6 8. 0-0 0-0 9. d4 cxd4 10. Nxd4 Bd7 11. Nd2 Re8 12. Rc1 Rc8 13. N2f3 Qe7 14. Qe2 Ba3 15. Nxc6 bxc6 16. Ba6 Rb8 17. Bd3 Rb6 18. h3 Ne4 19. Bxa3 Qxa3 20. Qc2 h6 21. Rfd1 a5 22. Nd4 a4 23. Bxe4 Rxe4 24. Rd3 axb3 25. axb3 Re8 26. Rc3 Rc8 27. Rc5 Rcb8 28. Qd1 Rc8 29. Qh5 Qa6 30. Qe5 Qb7 31. Qe7 Re8 32. Qd6 Rc8 33. R1c3 Ra6 34. e4 dxe4 35. Rg3 Qc7 36. Qe7 Ra1+ 37. Kh2 Re8 38. Qh4 Qd6 39. Rh5 Kf8 40. Nf5 Bxf5 41. Rxf5 e3 42. Qc4 f6 43. fxe3 Rxe3 44. Qc5 1/2-1/2

[Event "Maia op"]
[Site "Maia"]
[Date "2024.08.25"]
[Round "3"]
[White "Mannion, Stephen R"]
[Black "Prado, Alexandra"]
[Result "1-0"]
[WhiteElo "2135"]
[BlackElo "1936"]
[PlyCount "65"]
[EventDate "2024.08.23"]
[EventType "swiss"]
[EventRounds "9"]
[EventCountry "POR"]
[SourceTitle "CBM 221 Extra"]
[Source "ChessBase"]
[SourceDate "2024.09.30"]
[SourceVersion "1"]
[SourceVersionDate "2024.09.30"]
[SourceQuality "1"]

1. e4 c5 2. Nf3 Nc6 3. d4 cxd4 4. Nxd4 g6 5. c4 Bg7 6. Be3 Qb6 7. Nb5 Qa5+ 8. N5c3 Qb4 9. Qc2 Nf6 10. h3 0-0 11. Be2 d6 12. 0-0 Be6 13. Nd2 Rfc8 14. a3 Qa5 15. f4 a6 16. Rfd1 b5 17. f5 Bd7 18. cxb5 axb5 19. Nb3 Qd8 20. Bxb5 Ne5 21. a4 Bxb5 22. axb5 Rab8 23. Nd4 Nc4 24. Bf2 Ne5 25. Ra7 Nfd7 26. Qe2 Rc7 27. Rxc7 Qxc7 28. Nd5 Qd8 29. Nc6 Nxc6 30. bxc6 Rxb2 31. c7 Qe8 32. Qxb2 Bxb2 33. c8Q 1-0

[Event "Maia op"]
[Site "Maia"]
[Date "2024.08.24"]
[Round "2"]
[White "Mikhalevski, Victor"]
[Black "Mannion, Stephen R"]
[Result "1-0"]
[WhiteElo "2482"]
[BlackElo "2135"]
[PlyCount "73"]
[EventDate "2024.08.23"]
[EventType "swiss"]
[EventRounds "9"]
[EventCountry "POR"]
[SourceTitle "CBM 221 Extra"]
[Source "ChessBase"]
[SourceDate "2024.09.30"]
[SourceVersion "1"]
[SourceVersionDate "2024.09.30"]
[SourceQuality "1"]

1. Nf3 d5 2. g3 Bg4 3. Bg2 Nd7 4. h3 Bh5 5. d4 e6 6. c4 c6 7. cxd5 exd5 8. Nc3 Ngf6 9. Ne5 Bb4 10. Qb3 Qb6 11. f4 Bg6 12. 0-0 Nxe5 13. fxe5 Bxc3 14. bxc3 Ne4 15. Bxe4 Bxe4 16. Ba3 Qxb3 17. axb3 Bg6 18. c4 Kd7 19. Bd6 Ke6 20. cxd5+ cxd5 21. Rfc1 Rhd8 22. Rc7 Rd7 23. Rac1 Rad8 24. Kf2 f6 25. Ke3 h5 26. g4 hxg4 27. hxg4 f5 28. g5 Bh5 29. Kf4 Bg6 30. Bb4 Rxc7 31. Rxc7 Rd7 32. Rc8 Bh5 33. g6 Bxg6 34. Kg5 Bf7 35. e3 a5 36. Ba3 g6 37. Bc5 1-0

[Event "Scottish op"]
[Site "Dunfermline"]
[Date "2024.07.12"]
[Round "7"]
[White "Giulian, Philip Maurice"]
[Black "Mannion, Stephen R"]
[Result "1/2-1/2"]
[WhiteElo "2070"]
[BlackElo "2139"]
[PlyCount "56"]
[EventDate "2024.07.08"]
[EventType "swiss"]
[EventRounds "9"]
[EventCountry "SCO"]
[SourceTitle "CBM 221 Extra"]
[Source "ChessBase"]
[SourceDate "2024.09.30"]
[SourceVersion "1"]
[SourceVersionDate "2024.09.30"]
[SourceQuality "1"]

1. c4 e5 2. Nf3 e4 3. Nd4 Nf6 4. Nc3 Nc6 5. e3 Bb4 6. Qb3 Bxc3 7. Qxc3 0-0 8. b3 d5 9. Nxc6 bxc6 10. Bb2 Be6 11. Be2 Qd7 12. d3 exd3 13. Bxd3 a5 14. Rc1 a4 15. 0-0 axb3 16. axb3 Rfb8 17. Rfd1 Qe7 18. cxd5 Bxd5 19. Bc4 Ra2 20. Bxd5 cxd5 21. Ra1 Rxa1 22. Bxa1 c5 23. h3 Rd8 24. Bb2 h6 25. Rc1 Rc8 26. Rd1 Rd8 27. Rc1 Rc8 28. Rd1 Kf8 1/2-1/2

[Event "Scottish op"]
[Site "Dunfermline"]
[Date "2024.07.11"]
[Round "6"]
[White "Mannion, Stephen R"]
[Black "Murdochy, Shivan"]
[Result "1-0"]
[WhiteElo "2139"]
[BlackElo "1932"]
[PlyCount "55"]
[EventDate "2024.07.08"]
[EventType "swiss"]
[EventRounds "9"]
[EventCountry "SCO"]
[SourceTitle "CBM 221 Extra"]
[Source "ChessBase"]
[SourceDate "2024.09.30"]
[SourceVersion "1"]
[SourceVersionDate "2024.09.30"]
[SourceQuality "1"]

1. e4 e6 2. d4 d5 3. Nd2 c5 4. exd5 Qxd5 5. dxc5 Nf6 6. Ngf3 Qxc5 7. Bd3 Nbd7 8. 0-0 Qc7 9. Qe2 Nc5 10. Bb5+ Bd7 11. a4 Be7 12. Nc4 Bxb5 13. axb5 0-0 14. b3 Nd5 15. Bb2 Bf6 16. Bxf6 Nxf6 17. Qe5 Qxe5 18. Nfxe5 Nd5 19. Rfe1 Rfd8 20. g3 f6 21. Ng4 Kf7 22. Nge3 Nxe3 23. Rxe3 a6 24. b4 Nd7 25. Nd6+ Ke7 26. Nxb7 Rdb8 27. Rxa6 e5 28. c4 1-0

[Event "Purtichju op 9th"]
[Site "Porticcio"]
[Date "2024.06.29"]
[Round "1"]
[White "Hamdouchi, Hicham"]
[Black "Mannion, Stephen R"]
[Result "1-0"]
[WhiteElo "2527"]
[BlackElo "2146"]
[PlyCount "86"]
[EventDate "2024.06.29"]
[EventType "swiss"]
[EventRounds "9"]
[EventCountry "FRA"]
[SourceTitle "CBM 221 Extra"]
[Source "ChessBase"]
[SourceDate "2024.09.30"]
[SourceVersion "1"]
[SourceVersionDate "2024.09.30"]
[SourceQuality "1"]

1. e4 e5 2. Nf3 Nc6 3. Bb5 a6 4. Ba4 Nf6 5. 0-0 d6 6. c4 Bg4 7. h3 Bxf3 8. Qxf3 Nd7 9. Bxc6 bxc6 10. Qd1 Nc5 11. d4 exd4 12. Qxd4 Ne6 13. Qd1 g6 14. f4 Bg7 15. f5 Nc5 16. Qf3 0-0 17. f6 Bh8 18. g4 Re8 19. Nc3 Qc8 20. b3 Qe6 21. g5 Nxe4 22. Nxe4 Qxe4 23. Bf4 h6 24. h4 Re6 25. Qxe4 Rxe4 26. Rae1 Rae8 27. Bg3 Kf8 28. Kf2 c5 29. Rxe4 Rxe4 30. Kf3 Re6 31. Re1 hxg5 32. hxg5 Ke8 33. Rxe6+ fxe6 34. Be1 Kd7 35. Ba5 c6 36. Kg4 e5 37. Bb6 Ke8 38. Kf3 Kd7 39. Ke4 Ke8 40. Bc7 Kd7 41. Ba5 Ke6 42. Bd8 d5+ 43. Ke3 Kf7 1-0